zpět

Detail výsledku týmu

Meziprostor, České Budějovice

Datum a čas kvízu

29 Celkem bodů Celkový počet nahraných bodů na tomto kvízu bez doplňovacích otázek.
3. Pořadí na kvízu Konečné umístění týmu na tomto kvízu.

Zaznamenané odpovědi

# Otázka Odpověď Body Výsledky
1. „Pro ___. Ne pro ___." Doplňte... vás; politiky 0
2. Vskutku kuriózním způsobem vyp... D 1
3. Ve čtvrtek vyšel trailer na no... bude černobílá 0
4. Jedna automobilka představila... Ferrari 0
5. Na sociálních sítích jste mohl... B) krasobruslení 0
6. Hned v úvodu bod rozdělíme: za... Ulánbátar; Altaj 0
7. Z následujících možností vyber... A 1
8. Jak se jmenuje hudební skupina... The Hu 0
9. Tato obydlí se v Mongolsku ozn... jurta 1
10. Do Mongolska zasadila děj svéh... babičce 0